00451nam a2200133 a 4500001000500000005001700005008004100022050001800063100002400081245005700105260003800162999001900200952009800219404420140414131902.0081121s19uu xx 00 eng d aFICbD34 1990 aDe Clements, Barthe aNothing's fair in fifth grade /cBarthe De Clements. aNew York :bPenguin Book,c1981. c110714d110714 001040aMUbMUcFICd2010-09-20l0oFIC D34 1990pM1191r2014-04-14 00:00:00w2014-04-14yBK